| 000 | 01132nam a22003017a 4500 | ||
|---|---|---|---|
| 005 | 20240530110624.0 | ||
| 008 | 161231s2015 ua ao f b 000 0 ara d | ||
| 017 |
_a2014/17302 _bمصر. دار الكتب |
||
| 020 | _a9789777352031 | ||
| 040 |
_aEG-CaGPL _cEG-CaGPL |
||
| 082 | 0 | 4 |
_221 _a726.8\ _bع ك |
| 100 | 0 | _aعلى بن جوهر السكرى . | |
| 245 | 1 | 2 |
_aالكوكب السيار الى قبور الابرار / _cتاليف على بن جوهر السكرى . |
| 250 | _aط.1 | ||
| 260 |
_aالاسكندرية : _bدار الوفاء لدنيا الطباعة و النشر ، _c2015 . |
||
| 300 |
_a153 ص : _bصور لو ؛ _c24 سم . |
||
| 504 | _aببليوجرافية : ص 133 - 138 | ||
| 650 | 0 | 7 |
_2qrmak _aالقبور |
| 650 | 0 | 7 |
_2qrmak _aالعمارة الاسلامية . |
| 650 | 0 | 7 |
_2qrmak _aالاضرحة . |
| 650 | 0 | 7 |
_2qrmak _aزاوية العجمى . |
| 650 | 0 | 7 |
_2qrmak _aحوش ابو على |
| 650 | 0 | 7 |
_2qrmak _aضريح يحيى الشبية . |
| 650 | 0 | 7 |
_2qrmak _aباب الزغلة . |
| 651 | _2qrmak | ||
| 942 |
_2ddc _cBK |
||
| 999 |
_c63114 _d63114 |
||